000 00634nam a2200193 i 4500
001 75026
003 ES-MaACL
005 20250718080425.0
007 t|
008 040922s1950 sp ||||1| spa d
100 1 _aGoxens Duch, Antonio.
_959387
245 1 0 _aSuspensiones de pagos, quiebras y moratorias
_b: estudio comercial, económico /
_cAntonio Goxens Duch.
260 _aMadrid :
_bAguilar,
_c1950 (
_fYagües)
300 _aXXVII, 444 p. :
_bil. ;
_c25 cm.
650 4 _aSuspensión de pagos-
_zEspaña.
_9145980
650 7 _aQuiebra-
_zEspaña
_2
_9145981
852 _aES-MaACL
_jC-9193
_bR.37288
999 _c75026
_d75026